Lektura tekstu dwujęzycznego
| Titel: | Lektura tekstu dwujęzycznego : Przykłady |
|---|---|
| Verfasser: | |
| Beteiligt: | |
| In: |
Łacina jako je̜zyk elit, (2004), Seite 161-176 alle Artikel anzeigen |
| Veröffentlicht: | 2004 |
| Format: | Aufsatz |
| Sprache: | Polnisch |
X
alg: 39395406 001A $01999:12-11-16 001B $01999:29-05-21 $t17:39:21.000 001D $01999:12-11-16 001U $0utf8 001X $00 002@ $0Aox 003@ $0393954064 007A $0393954064 $aHEB 007T $0Herdk64845 010@ $apol 011@ $a2004 021A $aLektura tekstu dwujęzycznego $dPrzykłady 028A $aAxer $dJerzy 028B/01 $aAxerowa $dAnna 031A $h161-176 $j2004 037A $aMowa Hieronima Radziejowskiego wygłoszona w senacie 10 grudnia 1650 r., korespondencja Bogusława Radziwiłła, listy Jana Kochanowskiego039B $aIn $8--Aau--. Łacina jako je̜zyk elit. - Warszawa : DiG {[u.a.], 2004. - 516 S.. - ISBN 83-7181-321-X $x200400000000000839 $9126525862 044K $#Radzieusky, Hieronymus $7118928082 $8Radziejowski, Hieronim$Z1622-1667 [Tp1] $9087268469 044K $RMelanchthon, Philipp $#Kochanowski, Jan $#Kokhanovskii, Ian $#Kochanowski, Ian $#Kochanovius, Johannes $#Cochanovius, Johannes $#Chochanovius, Ioannes $#Kochanovskij, Jan $#Kochanowski, Giovanni $#Kochanowski, Johann $#Cochanovius, Joannes $#Cochanovio, Giovanni $#Kochanowski, Jean $#Cochanovius, Ioannes $#Kochanovsky, Jean $7118777610 $8Kochanowski, Jan$Z1530-1584 [Tp1] $9087118254 044K $#Radziwill, Boguslaus von $#Radziwill, Boguslaus $#Radzivill, Boguslav $#Radzivill, Bogußlav $#Radzivil, B. $#Radzivil, Boguslaus von $#Radzivilius, Boguslaus $#Radziwill, Boguslav $#Radziwiłł, Boguslaw $#Radziwill, Boguslaus zu $#Radzivill, Boguslaus zu $#Radziwill, Bogislaus $#Radziuil, Boguslaus $#Radvila, Boguslavas $#Radvila, Boguslaus $711874349X $8Radziwiłł, Bogusław$Z1620-1669 [Tp1] $9087084201 045F $a417.709438 $eDDC23BSB 045F/01 $a417.7 045F/03 $g438 lok: 39395406 78 exp: 39395406 78 1 #EPN 201B/01 $003-09-18 $t15:55:32.000 201U/01 $0utf8 203@/01 $0790064588 208@/01 $a12-11-16 $be 209A/01 $a/ $f000 $x00 220C/01 $aTitelaufnehmer: pbb 220C/01 $aHerkunft: IH PAN/PBB Kraków 244Z/01 $2Trx $#Poola $#Lenkija $#Polija $#Polen Land $#Poland $#Lengyelország $#Poľsko $#Polsko $8--Trx--Polska$gkraj $x01 $9391345966 244Z/01 $aGeschichte 1550-1669 $x02 244Z/01 $2Trx $#keel, ladina $#kalba, lotynų $#Language, Latin $#nyelv, latin $#język łaciński $#jazyk latinský $#jazyk latinský $8--Trx--Sprache, lateinische $x06 $9391367110 244Z/01 $2Trx $#keel, poola $#kalba, lenkų $#Language, Polish $#nyelv, lengyel $#język polski $#jazyk poľský $#jazyk polský $8--Trx--Sprache, polnische $x07 $9391356968 244Z/01 $2Trx $#korrespondenst $#susirašinėjimas $#Correspondences $#levelezés $#korespondencja $#korešpondencia $#korespondence $#laiškai $#Briefe $#Schriftverkehr $#listy $#listy $#dopisy $8--Trx--Korrespondenz $x08 $9391359568 244Z/01 $2Trx $#poliitikud $#politikai $#politicians $#politikus $#politycy $#politici $#politici $#Staatsmänner $#štátnici $#státníci $8--Trx--Politiker $x09 $9391382128 244Z/01 $2Trx $#kirjanikud $#rašytojai $#writers $#írók $#pisarze $#spisovatelia $#spisovatelé $8--Trx--Schriftsteller $x10 $9391382659 244Z/01 $2Trx $8--Trx--Einzelbeiträge $x11 $9391384570 245Z/01 $a11.07 $x01 247C/01 $82080>Marburg/Lahn, Herder-Institut, Forschungsbibliothek, Bibliographieportal $9336309341
| LEADER | 00000caa a22000002c 4500 | ||
|---|---|---|---|
| 001 | 393954064 | ||
| 003 | DE-603 | ||
| 005 | 20210529173921.0 | ||
| 007 | tu | ||
| 008 | 161112s2004 xx |||| | u00||u|pol c | ||
| 035 | |a (DE-599)HEB393954064 | ||
| 040 | |a DE-603 |b ger |c DE-603 |d DE-603 | ||
| 041 | |a pol | ||
| 082 | 0 | 4 | |8 1\u |a 417.709438 |q DE-101 |2 23/BSB |
| 085 | |8 1\u |b 417.7 | ||
| 085 | |8 1\u |z 2 |s 438 | ||
| 100 | 1 | |a Axer, Jerzy | |
| 245 | 0 | 0 | |a Lektura tekstu dwujęzycznego |b Przykłady |
| 264 | 0 | |c 2004 | |
| 500 | |a Mowa Hieronima Radziejowskiego wygłoszona w senacie 10 grudnia 1650 r., korespondencja Bogusława Radziwiłła, listy Jana Kochanowskiego <pol> | ||
| 600 | 1 | 7 | |a Radziejowski, Hieronim |d 1622-1667 |0 (DE-588)118928082 |0 (DE-603)087268469 |2 gnd |
| 600 | 1 | 7 | |a Kochanowski, Jan |d 1530-1584 |0 (DE-588)118777610 |0 (DE-603)087118254 |2 gnd |
| 600 | 1 | 7 | |a Radziwiłł, Bogusław |d 1620-1669 |0 (DE-588)11874349X |0 (DE-603)087084201 |2 gnd |
| 700 | 1 | |a Axerowa, Anna | |
| 773 | 0 | 8 | |i In |t Łacina jako je̜zyk elit |d Warszawa : DiG [u.a.], 2004 |h 516 S. |z 837181321X |g (2004), Seite 161-176 |w (DE-603)126525862 |
| 924 | 0 | |9 2080 |a (DE-603)790064588 |b DE-2080 |c HES |d d |g / | |


